Top Eight Northernmost Megacities - Statistics

General Stats
  • This quiz has been taken 43 times
  • The average score is 7 of 8
Answer Stats
Coordinates Answer % Correct
55 45’ N Moscow
100%
48 51’ N Paris
100%
39 54’ N Beijing
97%
51 30’ N London
97%
40 40’ N New York City
92%
37 33’ N Seoul
79%
41 00’ N Istanbul
77%
39 08’ N Tianjin
56%
No matching quizzes found
Score Distribution
Percent of People with Each Score
Percentile by Number Answered
Your Score History
You have not taken this quiz